Kreatívna ekonomika na Slovensku bakalárska práca

Na minha lista:
Detalhes bibliográficos
Autor principal: Šághyová, Petra
Autor Corporativo: Národohospodárska fakulta EU. Katedra verejnej správy a regionálneho rozvoja
Outros Autores: Rafaj, Oliver, 1989-
Formato: Livro
Idioma:eslovaco
Publicado em: Bratislava 2016
Tags: Adicionar Tag
Sem tags, seja o primeiro a adicionar uma tag!

MARC

LEADER 00000nbm a2200000 4500
001 0221440
005 20170214101709.3
041 0 |a slo 
044 |a SK 
245 1 0 |a Kreatívna ekonomika na Slovensku  |b bakalárska práca  |c Petra Šághyová ; školiteľ: Oliver Rafaj 
264 1 |a Bratislava  |c 2016 
300 |a 44 s. 
100 1 |a Šághyová, Petra 
700 1 |a Rafaj, Oliver, 1989- 
710 2 |a Národohospodárska fakulta EU. Katedra verejnej správy a regionálneho rozvoja